|
|
|
|
| LEADER |
00000nam2a2200000 4500 |
| 001 |
136518 |
| 005 |
20231031140551.0 |
| 020 |
|
|
|a RU
|b 82-49054ж
|
| 035 |
|
|
|a (RuTPU)RU\TPU\book\147960
|
| 090 |
|
|
|a 136518
|
| 100 |
|
|
|a 20080423c1992 k a0rusy5003 ca
|
| 101 |
0 |
|
|a rus
|
| 102 |
|
|
|a RU
|
| 105 |
|
|
|a y z 001zy
|
| 200 |
0 |
|
|a Т. 199: Вопросы квантовой теории поля и статистической физики. 11
|f под ред. П. П. Кулиша, В. Н. Попова
|
| 210 |
|
|
|d 1992
|
| 215 |
|
|
|d 21 см
|a 189 с.
|
| 461 |
|
1 |
|0 (RuTPU)RU\TPU\book\26556
|t Записки научных семинаров ПОМИ
|f Российская академия наук (РАН), Математический институт им. В. А. Стеклова (МИ)
|v Т. 199: Вопросы квантовой теории поля и статистической физики. 11
|d 1991-1994
|
| 610 |
1 |
|
|a квантовая теория полей
|
| 610 |
1 |
|
|a статистическая физика
|
| 610 |
1 |
|
|a математическая физика
|
| 610 |
1 |
|
|a модель Хаббарда
|
| 610 |
1 |
|
|a функции Грина
|
| 675 |
|
|
|a 530.145
|z rus
|
| 675 |
|
|
|a 531.19
|z rus
|
| 702 |
|
1 |
|a Кулиш
|b П. П.
|4 340
|
| 702 |
|
1 |
|a Попов
|b В. Н.
|4 340
|
| 801 |
|
0 |
|a RU
|b RuMRKP
|c 19950704
|g psbo
|
| 801 |
|
1 |
|a RU
|b 63413507
|c 20080423
|g PSBO
|
| 801 |
|
2 |
|a RU
|b 63413507
|c 20110623
|g PSBO
|
| 942 |
|
|
|c BK
|